Splnenie a zánik pohľadávok pri zmluvách o kúpe cenných papierov
Analýza právnej úpravy týkajúcej sa obchodov s cennými papiermi a obsiahnutej v zákone č. 600/1992 Zb. o cenných papieroch. Zmluva o kúpe cenných papierov, zmluva o kúpe zaknihovaných cenných papierov, započítanie vzájomných pohľadávok, obchodovanie s derivátmi.
Salvato in:
| Autore principale: | |
|---|---|
| Natura: | Capitolo di libro |
| Lingua: | slovacco |
| Soggetti: | |
| Tags: |
Nessun Tag, puoi essere il primo ad aggiungerne!!
|
MARC
| LEADER | 00000naa a2200000 4500 | ||
|---|---|---|---|
| 001 | r022550 | ||
| 005 | 20230921075311.6 | ||
| 041 | 0 | |a slo | |
| 044 | |a SK | ||
| 245 | 1 | 0 | |a Splnenie a zánik pohľadávok pri zmluvách o kúpe cenných papierov |c Mário Barát |
| 520 | |a Analýza právnej úpravy týkajúcej sa obchodov s cennými papiermi a obsiahnutej v zákone č. 600/1992 Zb. o cenných papieroch. Zmluva o kúpe cenných papierov, zmluva o kúpe zaknihovaných cenných papierov, započítanie vzájomných pohľadávok, obchodovanie s derivátmi. | ||
| 610 | 2 | 0 | |a Slovensko |
| 610 | 2 | 0 | |a zákony |
| 610 | 2 | 0 | |a papiere cenné |
| 610 | 2 | 0 | |a obchody burzové |
| 610 | 2 | 0 | |a trh kapitálový |
| 610 | 2 | 0 | |a zmluvy obchodné |
| 610 | 2 | 0 | |a pohľadávky |
| 610 | 2 | 0 | |a deriváty |
| 610 | 2 | 0 | |a 1992 |
| 100 | 1 | |a Barát, Mário | |